Construction industry payment act and adjudication (Record no. 85447)
[ view plain ]
| 000 -LEADER | |
|---|---|
| fixed length control field | 00911cpm a22002175a 4500 |
| 001 - CONTROL NUMBER | |
| control field | L139918 |
| 008 - FIXED-LENGTH DATA ELEMENTS--GENERAL INFORMATION | |
| fixed length control field | 070820s2005 my f 000 0 eng d |
| 035 ## - SYSTEM CONTROL NUMBER | |
| System control number | (Sirsi) u139918 |
| 041 0# - LANGUAGE CODE | |
| Language code of text/sound track or separate title | eng |
| 050 04 - LIBRARY OF CONGRESS CALL NUMBER | |
| Classification number | 692.8 $2 18 |
| 111 2# - MAIN ENTRY--MEETING NAME | |
| Meeting name or jurisdiction name as entry element | Construction industry payment act and adjudication |
| Location of meeting | Kuala Lumpur, Malaysia |
| Date of meeting or treaty signing | 13-14 September 2005 |
| 245 00 - TITLE STATEMENT | |
| Title | Construction industry payment act and adjudication |
| Remainder of title | a small step towards zero payment-default but a giant leap towards greater efficiency |
| Medium | [electronic resource] |
| 260 #l - PUBLICATION, DISTRIBUTION, ETC. | |
| Place of publication, distribution, etc. | [S.l.] |
| Name of publisher, distributor, etc. | [s.n.] |
| Date of publication, distribution, etc. | 2005 |
| 300 ## - PHYSICAL DESCRIPTION | |
| Extent | 1 |
| Type of unit | CD-ROM |
| 505 2# - FORMATTED CONTENTS NOTE | |
| Formatted contents note | Photographs -- Conference papers |
| 520 ## - SUMMARY, ETC. | |
| Summary, etc. | Proceedings of the internation forum on the Construction Industry Payment Act and Adjudication |
| 650 24 - SUBJECT ADDED ENTRY--TOPICAL TERM | |
| Topical term or geographic name entry element | CONSTRUCTION INDUSTRY PAYMENT ACT |
| 651 #4 - SUBJECT ADDED ENTRY--GEOGRAPHIC NAME | |
| Geographic name | Malaysia |
| Chronological subdivision | 1965 |
| 690 ## - LOCAL SUBJECT ADDED ENTRY--TOPICAL TERM (OCLC, RLIN) | |
| Topical term or geographic name as entry element | BUILT ENVIRONMENT-construction management-building contract administration |
| 942 ## - ADDED ENTRY ELEMENTS (KOHA) | |
| Suppress in OPAC | 0 |
| Withdrawn status | Lost status | Source of classification or shelving scheme | Damaged status | Not for loan | Home library | Current library | Shelving location | Date acquired | Total Checkouts | Full call number | Barcode | Date last seen | Copy number | Price effective from | Koha item type |
|---|---|---|---|---|---|---|---|---|---|---|---|---|---|---|---|
| Dewey Decimal Classification | London | London | Enquiry desk | 20/08/2007 | CD-ROM BOX | 30072271 | 06/08/2019 | 1 | 06/08/2019 | Book |